000 00727nam a22001937a 4500
999 _c83007
_d83007
005 20190528113856.0
010 _aB-505473 ENG-125347
020 _a9789381523391
_c495.00
035 _aB-505473 EN-108879
037 _adpl
_bKKP/Ven
082 _a383.230954
100 _aChakrabarti, Sekhar
245 _aThe Indian National Flag unfurled through Philately/
_cby Sekhar Chakrabarti
260 _aNew Delhi
_bNiyogi Books
_c2012
270 _aD-78, Okhla Industrial Area, Phase-I
_bNew Delhi
_e110020, INDIA
300 _a172p.:
_bcol.ill.
_c24cm(pbk)
942 _2ddc
_cEN
_h383.230954
_mCHA